000 00406nam a22001457a 4500
003 OSt
005 20160727222419.0
008 160625b xxu||||| |||| 00| 0 eng d
040 _cTEST
100 _91213
_aAmerican Heritage Magazine
245 _aNevada, New Hampshire, New Jersey, New Mexico
260 _aNEW YORK
_bDELL
_c1965
300 _aNevada, New Hampshire, New Jersey, New Mexico
942 _2ddc
_cBK
999 _c988
_d988